000 00260nam a2200109Ia 4500
008 190216s9999||||xx |||||||||||||| ||und||
100 _aVeloor Krishnan Kutty
245 0 _aAlpam Ninnal Solpam Parayam
260 _bVeenus Press
650 _aNovel
942 _cBK
999 _c26515
_d26515